000 00427nam a2200133Ia 4500
008 100328s9999 xx 000 0 und d
082 _b65419
100 _aपेठे मेघना.
245 _aआंाळ्याच्या गायी.
260 _bराजहंस.
630 _aआंाळ्याच्या गायी.
730 _aआंाळ्याच्या गायी.
942 _cBOOK
999 _c551165
_d551162